Retrouvez les villes dans ces chansons. - Statistiques

Statistiques générales
  • Ce quiz a été pris 88 fois
  • Le résultat moyen est 4 sur 20
Statistiques - réponses
Chanson Ville % Correct
Santiano Nous irons jusqu'à {San Francisco}
90%
Ni**as in ___ Got my ni**as in {Paris} and they going gorillas
68%
Empire State Of Mind Let's hear it for {New York}
61%
Comme toi Et ils se marieraient un jour peut-être à {Varsovie}
36%
Hexagone Qu'ils étaient bien planqués à {Londres}, qu'y avait pas beaucoup d'Jean Moulin
30%
Les lacs du Connemara De Tipperary, Barry-Connelly et de {Galway}
29%
Peña Baiona Dans notre cher petit {Bayonne}, il est une Peña, la Peña Baiona
25%
Vesoul J'ai voulu voir {Anvers}, on a revu Hambourg
24%
Johnny B. Goode Deep down in Louisiana, close to {New Orleans}
16%
Viva la Vida I hear {Jerusalem} bells a-ringin'
16%
Bienvenue chez moi À {Nantes} j'ai commencé un safari géant
10%
Freeze Raël J'mixe le lin dans les Faygo, à {Dakar}, on empile les briques comme des Lego
10%
Stan Remember when we met in {Denver}? You said if I'd write you, you would write back
5%
Marie la Dondaine Se donna au Bon Dieu en entrant au couvent de {Rennes}
5%
Marine marchande Tout seul sur le quai du port de {Djibouti}
5%
Marion Maréchal J'vais te sapper comme une rom, j'vais t'faire visiter {Bondy}
4%
We Didn’t Start the Fire Bardot, {Budapest}, Alabama, Krushchev
3%
La League Toujours accompagné d'son Beretta, il vient du 9-3, pas de {Levallois-Perret}
3%
Le boudin À {Tuyên Quang} illustra notre drapeau
1%
m.A.A.d city It ain't nothin' but a {Compton} thang, G-yeah
1%
Aucun quiz correspondant
Distribution des résultats
% des personnes avec chaque résultat
Percentile par nombre de réponses
Votre historique - résultats
Vous n’avez pas pris ce quiz